Statistics for Countries Visited by King Kong

Click here to take the quiz!

General Stats

  • This quiz has been taken 18 times
  • The average score is 4 of 6

Answer Stats

Times VisitedMost Recent MovieAnswer% Correct
4King Kong (2005)United States
100%
1Godzilla vs KongChina
94%
2King Kong EscapesJapan
94%
1Godzilla x Kong: The New EmpireBrazil
75%
1Godzilla x Kong: The New EmpireEgypt
63%
1Godzilla x Kong: The New EmpireBarbados
19%

Score Distribution

Percentile by Number Answered

Percent of People with Each Score

Your Score History

You have not taken this quiz